| 000 | 01246nam a2200361 i 4500 | ||
|---|---|---|---|
| 001 | 196312 | ||
| 003 | ES-MaACL | ||
| 005 | 20241010144610.0 | ||
| 007 | ta | ||
| 008 | 2409 s20032003xxu 000 0 eng d | ||
| 020 | _a0071381422 | ||
| 035 | _aCSIC001007386 | ||
| 035 | _a(ES-MaCSI)001007386MAD01-Aleph | ||
| 035 | _a(OCoLC)645272648 | ||
| 035 | _a990010073860204201 | ||
| 040 |
_aES-MaCSI _bspa _cES-MaACL _dES-MaACL |
||
| 100 |
_aPremack, David _9238668 |
||
| 245 | 1 | 0 |
_aOriginal intelligence : _bunlocking the mystery of who we are / _cDavid and Ann Premack. |
| 260 |
_aNew York : _bMcGraw-Hill, _ccop. 2003. |
||
| 300 |
_a274 p. ; _c24 cm. |
||
| 336 |
_2rdacontent _atexto |
||
| 337 |
_2rdamedia _asin mediación |
||
| 338 |
_2rdacarrier _avolumen |
||
| 505 | _aIncluye bibliografía e índice | ||
| 650 | 4 |
_aInteligencia _2CSICAU _913860 |
|
| 700 |
_aPremack, Ann _9238669 |
||
| 852 |
_aES-MaACL _cDEPO1 _hDonación: José Manuel Duarte Cendán _9204030 _jA-15371 |
||
| 903 |
_9238529 _aDuarte Cendán, José Manuel _q1 _ednr |
||
| 942 |
_n0 _cMONOGRAFIA |
||
| 999 |
_c196312 _d196312 |
||